| 000 | 00530nam a2200193Ia 4500 | ||
|---|---|---|---|
| 005 | 20250326140805.0 | ||
| 008 | 250326s9999 xx 000 0 und d | ||
| 020 | _a0-19-565255-X | ||
| 037 | _aTextbook | ||
| 040 |
_aFMSL _beng _cFMSL |
||
| 041 |
_aeng _2eng |
||
| 084 |
_aX:71 P0 _qFMSL |
||
| 100 |
_aRutherford S _9743058 |
||
| 245 | 4 |
_aThe poor and their money _cRutherford S |
|
| 260 |
_aNew Delhi _bNew Delhi, Oxford University _c2000 |
||
| 300 | _a121p | ||
| 942 |
_cTB _hX:71 P0 |
||
| 999 |
_c1287296 _d1287296 |
||